000 00461nam a22001817a 4500
003 MPLRDC
005 20220104163039.0
008 210129b ||||| |||| 00| 0 eng d
020 _a981-221-027-X
082 _a857.57 PUG-3
100 _aPUGALENTHI SR
245 _aSCHOOLS NIGHTMARES
_c
250 _aREVISED EDITION
260 _aSINGAPORE
_bVJ TIMES INTERNATIONAL PTE LTD
_c1999
300 _b142
650 _aSHORT STORY
942 _cBK
_o857.57 PUG-3
999 _c56268
_d56258